|
|
|
|
| LEADER |
01062nam a22002537a 4500 |
| 001 |
33298 |
| 003 |
BD-DhAAL |
| 005 |
20180719110556.0 |
| 008 |
180719t1996 ii ||||| |||| 00| 0bben d |
| 999 |
|
|
|c 39862
|d 39862
|
| 040 |
|
|
|a BD-DhAAL
|
| 082 |
|
|
|a 335.4
|2 22
|
| 100 |
|
|
|a ভট্টাচার্য, সৌরিন
|9 27545
|
| 245 |
|
|
|a মার্ক্স /
|c সৌরিন ভট্টাচার্য
|
| 260 |
|
|
|a কলকাতা :
|b প্যাপিরাস,
|c ১৯৯৬
|
| 300 |
|
|
|a ৬৪ পৃষ্ঠা ;
|c ১৮ সে. মি.
|
| 526 |
|
|
|a ARC
|
| 541 |
|
|
|e 33298
|
| 600 |
|
|
|a Marx, Karl,
|d 1818-1883
|9 27546
|
| 650 |
|
|
|a Communism
|9 27547
|
| 650 |
|
|
|a Capitalism
|9 27548
|
| 852 |
|
|
|a Department of Architecture
|c General Stacks
|
| 942 |
|
|
|2 ddc
|c BK
|
| 952 |
|
|
|0 0
|1 1
|2 ddc
|4 0
|6 335_400000000000000_BHA
|7 0
|9 63868
|a ARC
|b ARC
|c GEN
|d 2018-07-19
|l 0
|o 335.4 BHA
|p 3010033298
|r 2018-07-19
|t 1
|w 2018-07-19
|y BK
|x lost from the ARC department library and approved by the Dean (reasons personal books withdrawn by Hasibul Kabir Sir and Building shifting)
|